| 000 | 01285nac a22002531u 4500 | ||
|---|---|---|---|
| 010 | _a 85017250 | ||
| 020 | _a0387158049 (U.S.) | ||
| 082 | 0 | 0 |
_a620.118 _bFIT |
| 090 |
_c6560 _d6560 |
||
| 100 | _aFitzer, Erich | ||
| 245 | 0 | 0 |
_aCarbon fibres and their composites / _cedited by Erich Fitzer. |
| 260 |
_aBerlin ; _aNew York : _bSpringer-Verlag ; _aNew York : _bUNFSSTD,c1985. _cc1985. |
||
| 300 |
_a296 p. : _bill. ; _c25 cm. |
||
| 500 | _a"Based on papers presented at the International Conference on Carbon Fibre Applications, São JoseÌ? dos Campos (SP), Brazil, 5-9 December 1983 ... jointly sponsored by the Centro TeÌ?cnico Aeroespacial, the United Nations Industrial Development Organization, and the United Nations Financing System for Science and Technology for Development (UNFSSTD)." | ||
| 500 | _aDistributer: Al-Ahram. | ||
| 504 | _aIncludes bibliographies. | ||
| 511 | _aCatalogued By: Mahitab. | ||
| 650 | 0 |
_aCarbon composites _xCongresses. |
|
| 650 | 0 |
_aCarbon fibers _xCongresses. |
|
| 710 | 2 | _aCentro TeÌ?cnico Aeroespacial. | |
| 710 | 2 | _aUnited Nations Industrial Development Organization. | |
| 710 | 2 | _aUnited Nations Financing System for Science and Technology for Development. | |
| 942 |
_cBB _k620.118FIT |
||
| 999 |
_c6560 _d6560 |
||